| 000 | 00654cam a22002413a 4500 | ||
|---|---|---|---|
| 001 | 4207 | ||
| 003 | PGUSA | ||
| 005 | 20140828083050.0 | ||
| 008 | 030701s2003||||xxu|||||s|||||000 p eng d | ||
| 040 |
_aPGUSA _beng |
||
| 042 | _adc | ||
| 050 | 4 | _aPR | |
| 100 | 1 |
_aPater, Walter, _d1839-1894 |
|
| 245 | 1 | 0 |
_aAesthetic Poetry _h[electronic resource] / _cWalter Pater |
| 260 |
_bProject Gutenberg, _c2003 |
||
| 506 | _aPublic domain in the USA. | ||
| 516 | _aElectronic text | ||
| 653 | _aEnglish poetry -- 19th century | ||
| 653 | _aAesthetics | ||
| 830 | 0 |
_aProject Gutenberg _v4207 |
|
| 856 | 4 | 0 | _uhttp://www.gutenberg.org/ebooks/4207 |
| 942 | _cEB | ||
| 999 |
_c233536 _d233536 |
||